Word 2010: informática para mayores (Registro nro. 11577)
[ vista simple ]
| 000 -CABECERA | |
|---|---|
| campo de control de longitud fija | 00657nam a22002537a 4500 |
| 005 - FECHA Y HORA DE ACTUALIZACIÓN | |
| campo de control | 20230303191044.0 |
| 008 - LONGITUD FIJA | |
| campo de control de longitud fija | 190121b2011 xxu||||| |||| 00| 0 spa d |
| 020 ## - INTERNATIONAL STANDARD BOOK NUMBER | |
| Número Internacional Estándar del Libro | 9788441527867 |
| 041 ## - IDIOMA | |
| Código de idioma del texto/pista de sonido o título separado | Español |
| 082 ## - CLASIFICACIÓN DECIMAL DEWEY | |
| Número de clasificación | 005.52 M387w |
| 100 ## - AUTOR PERSONAL | |
| Nombre de persona | Martos Rubio, Ana |
| 245 ## - TÍTULO PROPIAMENTE DICHO | |
| Título | Word 2010: informática para mayores |
| 260 ## - PIE DE IMPRENTA | |
| Lugar de publicación, distribución, etc. | España |
| 260 ## - PIE DE IMPRENTA | |
| Nombre del editor, distribuidor, etc. | ANAYA |
| 260 ## - PIE DE IMPRENTA | |
| Fecha de publicación, distribución, etc. | 2011 |
| 300 ## - DESCRIPCIÓN FÍSICA | |
| Extensión | 127 páginas |
| 650 ## - Materia General | |
| Materia general | INFORMÁTICA |
| 650 ## - Materia General | |
| Materia general | PROGRAMAS PARA COMPUTADOR |
| 650 ## - Materia General | |
| Materia general | WORD 2010 |
| 650 ## - Materia General | |
| Materia general | FORMATO DE TEXTO |
| 650 ## - Materia General | |
| Materia general | GESTIÓN DE DOCUMENTOS |
| 692 ## - Carreras | |
| Carrera | Dirección y Administración de Empresas |
| -- | Secretariado Ejecutivo |
| -- | Tecnologías de Información |
| 942 ## - Punto de Acceso Adicional Koha | |
| Tipo de ítem Koha | Libro |
| Estado perdido | Estado dañado | No para préstamo | Biblioteca permanente | Biblioteca actual | Signatura completa | Código de barras | Precio efectivo a partir del | Programa Académico | Tipo de ítem |
|---|---|---|---|---|---|---|---|---|---|
| Departamento de Biblioteca y Documentación Alfonso Chase Brenes | Departamento de Biblioteca y Documentación Alfonso Chase Brenes | 005.52 M387w | 16453 | 21/01/2019 | Libro |